|
|
|
|
| LEADER |
00000naa2a2200000 4500 |
| 001 |
419953 |
| 005 |
20231101073323.0 |
| 035 |
|
|
|a (RuTPU)RU\TPU\prd\77415
|
| 035 |
|
|
|a RU\TPU\prd\21649
|
| 090 |
|
|
|a 419953
|
| 100 |
|
|
|a 20100301a2003 k y0rusy50 ca
|
| 101 |
0 |
|
|a rus
|
| 102 |
|
|
|a RU
|
| 200 |
1 |
|
|a Влияние характеристик ударного возбуждения на параметры электромагнитного отклика из диэлектрических материалов
|f Т. В. Фурса, А. В. Савельев, К. Ю. Осипов
|
| 225 |
1 |
|
|a Физика полупроводников и диэлектриков
|
| 320 |
|
|
|a Библиогр.: 5 назв.
|
| 461 |
|
1 |
|0 (RuTPU)RU\TPU\prd\191
|x 0021-3411
|t Известия вузов. Физика
|f Министерство общего и профессионального образования Российской Федерации ; Томский Госуниверситет
|d 1958-
|
| 463 |
|
1 |
|0 (RuTPU)RU\TPU\prd\77401
|t Т. 46, № 10
|v с. 70-74
|d 2003
|
| 610 |
1 |
|
|a диэлектрики
|
| 610 |
1 |
|
|a линейность
|
| 610 |
1 |
|
|a механоэлектрические преобразования
|
| 610 |
1 |
|
|a электризация
|
| 610 |
1 |
|
|a ударное возбуждение
|
| 610 |
1 |
|
|a электромагнитный отклик
|
| 610 |
1 |
|
|a характеристики
|
| 610 |
1 |
|
|a возбуждение
|
| 610 |
1 |
|
|a параметры
|
| 675 |
|
|
|a 539.4:537.5
|v 3
|
| 700 |
|
1 |
|a Фурса
|b Т. В.
|c специалист в области неразрушающего контроля
|c ведущий научный сотрудник Томского политехнического университета, доктор технических наук
|f 1951-
|g Татьяна Викторовна
|2 stltpush
|3 (RuTPU)RU\TPU\pers\27723
|
| 701 |
|
1 |
|a Савельев
|b А. В.
|
| 701 |
|
1 |
|a Осипов
|b К. Ю.
|
| 801 |
|
1 |
|a RU
|b 63413507
|c 20040123
|g PSBO
|
| 801 |
|
2 |
|a RU
|b 63413507
|c 20150619
|g RCR
|
| 942 |
|
|
|c BK
|